LEADER 00941nam a2200205 i 4500 001 000000068826 003 CaOOAMICUS 005 20100830000000.0 008 100830s1884 it u000 u ita u 013 $a39998 040 $aSeMil$bita 100 1 $aCepari, Virgilio <1564-1631>.$0(OLS)http://semarc/name/28739 245 10$aVita di s. Luigi Gonzaga della Compagnia di Gesù /$csecondo il P. Virgilio Cepàri della medesima Compagnia. 260 $aMonza :$bTipografia e libreria De' Paolini,$c1884. 300 $a240 p., [1] c. di tav. :$britr. ;$c15 cm. 600 04$aGonzaga, Luigi .$0(OLS)http://semarc/subject/8735 850 $aSeMil 852 $aSeMil$W1$xVenegono$y1$m3J I 66 FA$j34979$B34979$CSeMilBibl$Z2$F34982 $8I 996 $6245$aVita di s. Luigi Gonzaga della Compagnia di Gesù$9(OLS)http://semarc/title/110042 996 $6260$aMonza :$bTipografia e libreria De' Paolini$9(OLS)http://semarc/publisher/32827 LEADER 01141nam a2200253 i 4500 001 000000104944 003 CaOOAMICUS 005 20230918142551.0 008 040517s2001 it u000 u ita u 013 $a77133 040 $aSeMil$bita 245 10$aSan Salvatore, Santa Giulia a Brescia :$bil monastero nella storia /$ca cura di Renata Stradiotti. 260 $aMilano :$bSkira,$c2001. 300 $a415 p. :$briccamente ill. ;$c33 cm. 500 $aContiene : Appendice. - A piè del front. : Banco di Brescia, Gruppo Banca Lombarda. 650 4$aBrescia - Monastero di San Salvatore.$0(OLS)http://semarc/subject/54410 650 4$aBrescia - Monastero di Santa Giulia.$0(OLS)http://semarc/subject/9868 700 1 $aStradiotti, Renata.$0(OLS)http://semarc/name/44301 850 $aSeMil 852 $aSeMil$W1$xVenegono$y1$m5N XI 24$j61240$B61240$CSeMilBibl$Z2$F71935 $8I 961 $aOmaggio: Ferrario mons. Emilio 996 $6245$aSan Salvatore, Santa Giulia a Brescia :$bil monastero nella storia$9(OLS)http://semarc/title/152014 996 $6260$aMilano :$bSkira$9(OLS)http://semarc/publisher/32219